00311nam a2200121Ia 4500008004100000100002700041245004400068260003500112300000800147650001000155942000700165999001700172190216s9999||||xx |||||||||||||| ||und|| aDr.Yogendranath Sharma 0aHindi-Jeevan Amrith Paryavaran Chethana bHindi Sahithya Nikhethanc2008 a143 aHindi cBK c16772d16772